000 00977nam a2200241Ia 4500
999 _c52179
_d52179
001 19187
003 GE_BSU
005 20220920153134.0
008 181216s2008||||ge |||||||||||||| ||rus||
040 _cGE_BSU
041 _arus
080 _a81 Х-201
100 _aХардина, Лейла
_910405
245 _aРеспонсивные акты в аспекте теории и перевода: დისერტაცია /
_cЛейла Хардина; Батумский гос. ун-т им. Шота Руставели.
264 _aБатуми;
_bБатумский гос. ун-т им. Ш. Руставели,
_c2008.
300 _a133 стр.
_b30 см.
653 _aРеспонсивные акты в аспекте теории и перевода
653 _aЯзыкознание
653 _aдиссертация
653 _aდისერტაცია
653 _aენათმეცნიერება
942 _cBK
_2udc